<?xml version="1.0" encoding="UTF-8"?>
<record
    xmlns:xsi="http://www.w3.org/2001/XMLSchema-instance"
    xsi:schemaLocation="http://www.loc.gov/MARC21/slim http://www.loc.gov/standards/marcxml/schema/MARC21slim.xsd"
    xmlns="http://www.loc.gov/MARC21/slim">

  <leader>01063nam a2200205Ia 4500</leader>
  <datafield tag="952" ind1=" " ind2=" ">
    <subfield code="0">0</subfield>
    <subfield code="1">0</subfield>
    <subfield code="2">lcc</subfield>
    <subfield code="4">0</subfield>
    <subfield code="7">0</subfield>
    <subfield code="a">01</subfield>
    <subfield code="b">01</subfield>
    <subfield code="d">2022-08-24</subfield>
    <subfield code="l">0</subfield>
    <subfield code="o">QC21 A5818 1998</subfield>
    <subfield code="p">16 001415</subfield>
    <subfield code="r">2025-03-11</subfield>
    <subfield code="t">1</subfield>
    <subfield code="w">2022-08-24</subfield>
    <subfield code="y">LB</subfield>
  </datafield>
  <datafield tag="952" ind1=" " ind2=" ">
    <subfield code="0">0</subfield>
    <subfield code="1">0</subfield>
    <subfield code="2">lcc</subfield>
    <subfield code="4">0</subfield>
    <subfield code="7">0</subfield>
    <subfield code="a">01</subfield>
    <subfield code="b">01</subfield>
    <subfield code="d">2022-08-24</subfield>
    <subfield code="l">0</subfield>
    <subfield code="o">QC21 A5818 1998</subfield>
    <subfield code="p">16 001416</subfield>
    <subfield code="r">2025-03-06</subfield>
    <subfield code="t">2</subfield>
    <subfield code="w">2022-08-24</subfield>
    <subfield code="y">LB</subfield>
  </datafield>
  <datafield tag="952" ind1=" " ind2=" ">
    <subfield code="0">0</subfield>
    <subfield code="1">0</subfield>
    <subfield code="2">lcc</subfield>
    <subfield code="4">0</subfield>
    <subfield code="7">0</subfield>
    <subfield code="a">01</subfield>
    <subfield code="b">01</subfield>
    <subfield code="d">2022-08-24</subfield>
    <subfield code="l">0</subfield>
    <subfield code="o">QC21 A5818 1998</subfield>
    <subfield code="p">16 001417</subfield>
    <subfield code="r">2024-11-14</subfield>
    <subfield code="t">3</subfield>
    <subfield code="w">2022-08-24</subfield>
    <subfield code="y">LB</subfield>
  </datafield>
  <datafield tag="999" ind1=" " ind2=" ">
    <subfield code="c">70038</subfield>
    <subfield code="d">70038</subfield>
  </datafield>
  <controlfield tag="008">120626s1998    mx            000 0 spa d</controlfield>
  <datafield tag="020" ind1=" " ind2=" ">
    <subfield code="a">9706131477</subfield>
  </datafield>
  <datafield tag="050" ind1=" " ind2=" ">
    <subfield code="a">QC21 A5818 1998</subfield>
  </datafield>
  <datafield tag="100" ind1=" " ind2=" ">
    <subfield code="a">M&#xE1;ximo Ribeiro da Luz, Antonio</subfield>
    <subfield code="e">autor</subfield>
  </datafield>
  <datafield tag="245" ind1=" " ind2=" ">
    <subfield code="a">F&#xED;sica general </subfield>
    <subfield code="c">/ Antonio, M&#xE1;ximo Ribeiro da Luz: Beatriz Alvarenga &#xC1;lvares</subfield>
    <subfield code="b">: Con experimentos sencillos</subfield>
  </datafield>
  <datafield tag="250" ind1=" " ind2=" ">
    <subfield code="a">4a. edici&#xF3;n</subfield>
  </datafield>
  <datafield tag="260" ind1=" " ind2=" ">
    <subfield code="a">M&#xE9;xico</subfield>
    <subfield code="b">: Oxford University Press</subfield>
    <subfield code="c">1998</subfield>
  </datafield>
  <datafield tag="300" ind1=" " ind2=" ">
    <subfield code="a">1220 p&#xE1;ginas</subfield>
    <subfield code="b">: ilustraciones</subfield>
  </datafield>
  <datafield tag="500" ind1=" " ind2=" ">
    <subfield code="a">Incluye: Contenido, Introducci&#xF3;n, Ap&#xE9;ndice E, Ap&#xE9;ndice F, Ap&#xE9;ndice G</subfield>
  </datafield>
  <datafield tag="505" ind1=" " ind2=" ">
    <subfield code="a">Introducci&#xF3;n  
Cinem&#xE1;tica  
Leyes de Newton  
Leyes de conservaci&#xF3;n  
Temperatura dilataci&#xF3;n- gases  
Calor  
&#xD3;ptica y ondas  
Electrost&#xE1;tica- campo y potencial el&#xE9;ctricos   
Electrocin&#xE9;tica- corriente y circuitos el&#xE9;ctricos (CC)  
Electromagnetismo- campos- inducci&#xF3;n- sistemas de CA  
</subfield>
  </datafield>
  <datafield tag="519" ind1=" " ind2=" ">
    <subfield code="a">Material Complementario/  </subfield>
    <subfield code="d">(11 004485)  
</subfield>
  </datafield>
  <datafield tag="650" ind1=" " ind2="0">
    <subfield code="a">FISICA</subfield>
    <subfield code="x">ESTUDIO Y ENSE&#xD1;ANZA</subfield>
  </datafield>
  <datafield tag="700" ind1=" " ind2=" ">
    <subfield code="a">Alvarenga &#xC1;lvares, Beatriz</subfield>
    <subfield code="e">autor</subfield>
  </datafield>
  <datafield tag="942" ind1=" " ind2=" ">
    <subfield code="c">LB</subfield>
    <subfield code="2">lcc</subfield>
  </datafield>
</record>
